Statistics for World's Most Famous Landmarks Quiz

Click here to take the quiz!

General Stats

  • This quiz has been taken 678 times
  • The average score is 5 of 15

Answer Stats

HintAnswer% Correct
ParisEiffel Tower
97%
TorontoCN Tower
56%
PisaLeaning Tower of Pisa
55%
SydneySydney Opera House
54%
MoscowSt. Basil's
47%
San FranciscoGolden Gate Bridge
45%
SeattleSpace Needle
44%
St. LouisGateway Arch
30%
CairoSphinx
18%
MiamiSouth Beach
13%
RomeColisseum
5%
PhiladelphiaHall of Independence
1%
IstanbulBosprus Bridge
0%
New York CityStatue of Liberty, Big Ben
0%
LondonTower Bridge, Big Ben, Buckingham Palace
0%

Score Distribution

Percentile by Number Answered

Percent of People with Each Score

Your Score History

You have not taken this quiz